00918ntm a2200229 a 450000100060000000300080000600500170001400800410003103500190007204000350009104100080012608200260013410000240016024502340018426000540041830000370047250200620050950400310057165000310060265000180063370000370065175575BD-RjUL20211209082719.0190427s2016 bg a|||| bm|| 00| 0 eng d a(BD-RjUL)75793 aBD-RjULbengcBD-RjULdBD-RjUL aeng 223a615.321bKHC 20161 aKhatune, Naznin Ara10aA Comparative Effects of some selected Medicinal Plants on Blood Sugar Level, Lipid Profile and Oral Glucose Tolerance test in Normal and Alloxan-Induced Diabetic Rats / cby Naznin Ara Khatune ;6Supervisor: Mir Imam Ibne Wahed aRajshahi :bDepartment of Pharmacy, R. U. ,c2016 axi, 124 leaves :bIll. ;c30 cm. aThesis (Ph. D.) -- Department of Pharmacy, R. U. , 2016 aReferences: Leaves 104-124 aMedicinal plantsxAnalysis aPharmacognosy aWahed, Mir Imam Ibne, Supervisor